Sport Sociology: A Social Phenomena/ (Record no. 189113)

MARC details
000 -LEADER
fixed length control field 00650nam a22001937a 4500
005 - DATE AND TIME OF LATEST TRANSACTION
control field 20220620121631.0
010 ## - LCCN (DPL NO)
LC control number ENG-133269
020 ## - INTERNATIONAL STANDARD BOOK NUMBER
International Standard Book Number 9788195172832
Terms of availability 350.00
035 ## - SYSTEM CONTROL NUMBER
System control number EN-116801
037 ## - SOURCE OF ACQUISITION
Source of stock number/acquisition DBAD/PUB
082 ## - DEWEY DECIMAL CLASSIFICATION NUMBER
Classification number 796.0954
245 ## - TITLE STATEMENT
Title Sport Sociology: A Social Phenomena/
Statement of responsibility, etc Edited by krishna Patel and Manoj Kumar Prajapati
260 ## - PUBLICATION, DISTRIBUTION, ETC. (IMPRINT)
Place of publication, distribution, etc Kanpur
Name of publisher, distributor, etc Social Research Foundation
Date of publication, distribution, etc 2021
270 ## - ADDRESS
Address 128/170, H-Block, Kidwai Nagar
City Kanpur
Postal code 11
Electronic mail address socialresearchfoundation@gmail.com
300 ## - PHYSICAL DESCRIPTION
Extent vi, 107p.
Dimensions 22cm(hbk)
700 ## - ADDED ENTRY--PERSONAL NAME
Personal name Patel, Krishna
700 ## - ADDED ENTRY--PERSONAL NAME
Personal name Prajapati, Manoj Kumar
942 ## - ADDED ENTRY ELEMENTS (KOHA)
Source of classification or shelving scheme Dewey Decimal Classification
Item type English Books
Classification part 796.0954
Call number suffix SPO
Holdings
Withdrawn status Lost status Not for loan Collection code Home library Current library Date acquired Source of acquisition Cost, normal purchase price Full call number Barcode Copy number Cost, replacement price Koha item type
    Not For Loan Non-fiction D.B.Act.Division Mobile Library 20/06/2022 DBAD/PUB 350.00 796.0954 SPO EN-116801 1 350.00 English Books

© Delhi Public Library
Hit Counter
free hit counter